000 00429nam a22001217a 4500
999 _c17603
_d17603
008 190405b xxu||||| |||| 00| 0 eng d
020 _a1441123305
050 _aBR1360
_b.C47 2008 c.1
245 _aChristianity in Africa and the African Diaspora
_bThe Appropriation of a scattered heritage
_cEdited by Afe Adogame, Roswith Gerloff and Klaus Hock
260 _aNew York
_bContinuum
_c2008
300 _axiv, 354p.
942 _2lcc
_cBK